Juditha triumphans : oratorio. Part 2 /

Bibliographic Details
Main Author: Vivaldi, Antonio, 1678-1741
Corporate Authors: Savaria Énekegyüttes (Vocalist), Capella Savaria (Instrumentalist)
Other Authors: Cassetti, Giacomo (Librettist), Zádori, Mária (Vocalist), Banditelli, Gloria (Vocalist), Németh, Judit (Vocalist), Markert, Annette (Vocalist), Gémes, Katalin (Vocalist), McGegan, Nicholas (Conductor)
Format: CD Audio
Language:Latin
Language Notes:Sung in Latin; words by Jacopo Cassetti.
Published: [Leeuwarden, Netherlands] : Brilliant Classics, [2004]
Series:Vivaldi, Antonio, 1678-1741. Selections (Brilliant Classics) ; 28.
Subjects:

MARC

Tag First Indicator Second Indicator Subfields
LEADER 00000cjm a2200000Ia 4500
001 in00002640887
005 20151202121310.0
007 sd fungnn|m|ed
008 070518p20041990ne ornn n lat d
024 3 |a 5028421389288 
028 0 2 |a 92389/28  |b Brilliant Classics 
028 0 0 |a 92389  |b Brilliant Classics 
033 0 0 |a 1990---- 
035 |a (OCoLC)ocn131579974 
035 |a (OCoLC)131579974 
040 |a ILU  |c ILU  |d IXA  |d TXA  |d UtOrBLW 
048 |b va01  |b vb04  |a ca  |a oa 
049 |a TXAM 
090 |a M3.1.V6  |b M37 2004 v.28 
100 1 |a Vivaldi, Antonio,  |d 1678-1741. 
240 1 0 |a Juditha triumphans.  |k Selections 
245 1 0 |a Juditha triumphans :  |b oratorio.  |n Part 2 /  |c Vivaldi. 
264 1 |a [Leeuwarden, Netherlands] :  |b Brilliant Classics,  |c [2004] 
264 4 |c ℗2004 
300 |a 1 sound disc (65 min.) :  |b digital ;  |c 4 3/4 in. 
336 |a performed music  |b prm  |2 rdacontent 
337 |a audio  |b s  |2 rdamedia 
338 |a audio disc  |b sd  |2 rdacarrier 
490 1 |a The masterworks / Antonio Vivaldi ;  |v 28 
546 |a Sung in Latin; words by Jacopo Cassetti. 
511 0 |a Mária Zádori, soprano ; Gloria Banditelli, Judit Németh, Annette Markert, Katalin Gémes, mezzo-sopranos ; Savaria Vocal Ensemble ; Capella Savaria ; Nicholas McGegan, conductor. 
518 |a Recorded in 1990. 
500 |a "Licensed from Hungaroton, Hungary"--Container. 
500 |a Compact disc. 
505 0 0 |t Recitativo Ozias: Summi Regis in mente  |g (0:53) --  |t Aria Ozias: O Sydera, o stellae  |g (3:57) --  |t Recitativo Ozias: Jam saeventis in hostem  |g (0:17) --  |t Recitativo Holofernes: Nox in umbra dum surgit  |g (0:32) --  |t Aria Holofernes: Nox obscura  |g (6:02) --  |t Recitativo Holofernes, Juditha: Belligerae meae sorti  |g (0:57) --  |t Aria Juditha: Transit aetas  |g (4:59) --  |t Recitativo Holofernes, Juditha: Haec in crastinum serva  |g (0:34) --  |t Aria Holofernes: Noli o cara te adorantis  |g (5:34) --  |t Recitativo Juditha, Holofernes: Tibi dona salutis  |g (0:18) --  |t Coro: Plena nectare non mero  |g (1:30) --  |t Recitativo Holofernes: Tormenta mentis tuae  |g (0:20) --  |t Aria Juditha: Vivat in pace  |g (3:41) --  |t Recitativo Juditha: Sic in pace  |g (0:37) --  |t Aria Vagans: Umbrae carae  |g (6:06) --  |t Recitativo Vagans, Juditha, Abra: Quae fortunata es  |g (1:48) --  |t Aria Abra: Non ita reducem  |g (3:14) --  |t Recitativo Abra: Jam pergo, postes claudo  |g (0:17) --  |t Accompagnato Juditha: Summae Astrorum Creator  |g (1:04) --  |t Aria Juditha: In somno profundo  |g (5:46) --  |t Accompagnato Juditha: Impii, indigni Tiranni  |g (0:37) --  |t Recitativo Juditha, Abra: Abra, Abra accipe munus  |g (0:41) --  |t Aria Abra: Si fugida per te  |g (2:50) --  |t Recitativo Vagans: Jam non procul  |g (1:19) --  |t Aria Vagans: Armatae face  |g (3:18) --  |t Recitativo Ozias: Quam insolita luce  |g (0:52) --  |t Aria Ozias: Gaude felix  |g (2:18) --  |t Accompagnato Ozias: Ita decreto aeterno  |g (0:54) --  |t Coro: Salve invicta Juditha  |g (1:53). 
500 |a Sound recording. 
650 0 |a Oratorios  |v Excerpts. 
600 0 0 |a Judith  |c (Biblical figure)  |v Songs and music. 
700 1 |a Cassetti, Giacomo,  |e librettist. 
700 1 |a Zádori, Mária,  |e vocalist. 
700 1 |a Banditelli, Gloria,  |e vocalist. 
700 1 |a Németh, Judit,  |e vocalist. 
700 1 |a Markert, Annette,  |e vocalist. 
700 1 |a Gémes, Katalin,  |e vocalist. 
700 1 |a McGegan, Nicholas,  |e conductor. 
710 2 |a Savaria Énekegyüttes,  |e vocalist. 
710 2 |a Capella Savaria,  |e instrumentalist. 
800 1 |a Vivaldi, Antonio,  |d 1678-1741.  |t Selections (Brilliant Classics) ;  |v 28. 
948 |a cataloged  |b h  |c 2011/5/5  |d c  |e cajsmith  |f 12:31:40 pm 
994 |a C0  |b TXA 
999 |a MARS 
999 f f |s 461a9715-a091-3cfb-a760-f0a6cc4b0f5a  |i 991e03f9-317e-3381-8a01-3f647eedfbaf  |t 0 
952 f f |p ric  |a Texas A&M University  |b Rellis Campus  |c Joint Library Facility  |d Remote Storage  |t 0  |e M3.1.V6 M37 2004 v.28  |h Library of Congress classification  |i audio -- audio disc  |m A14839607234 
998 f f |a M3.1.V6 M37 2004 v.28  |t 0  |l Remote Storage